Diccionario Porrúa de historia, biografía y geografía de México /
Salvato in:
| Autore principale: | |
|---|---|
| Natura: | Libro |
| Lingua: | spagnolo |
| Pubblicazione: |
México :
Porrúa,
1970, c1970
|
| Edizione: | 3a edición |
| Soggetti: | |
| Tags: |
Nessun Tag, puoi essere il primo ad aggiungerne!!
|
MARC
| LEADER | 00000nam^a2200000^a^4500 | ||
|---|---|---|---|
| 001 | 000407687 | ||
| 005 | 20250521000000.0 | ||
| 009 | 20260310121933.022 | ||
| 037 | |a Acervo ITESO - Biblioteca | ||
| 041 | |a ESP | ||
| 082 | |a 972. 003 |b DIC V. 1 | ||
| 100 | |a Garibay K., Angel María |e (dirección) | ||
| 240 | 1 | 1 | |a [Diccionario Porrúa de historia, biografía y geografía de México] |
| 245 | 1 | 0 | |a Diccionario Porrúa de historia, biografía y geografía de México / |c Dir. y pref. de A.M. Garibay K. |
| 250 | |a 3a edición |b corregida y aumentada | ||
| 264 | 4 | |a México : |b Porrúa, |c 1970, c1970 | |
| 300 | |a XXXI, 1226 p. | ||
| 336 | |a texto |b txt |2 rdacontenido | ||
| 337 | |a sin mediación |b n |2 rdamedio | ||
| 338 | |a volumen |b nc |2 rdasoporte | ||
| 561 | |a Ex libris de Ignacio Díaz Morales | ||
| 649 | |a XX | ||
| 650 | |a Personajes Históricos Mexicanos - |x Biografías | ||
| 650 | |a Mexicanos - |x Biografías | ||
| 650 | |a Geografía - |z México - |x Enciclopedias y Diccionarios | ||
| 650 | |a Política - |z México - |x Enciclopedias y Diccionarios | ||
| 650 | |a Economía - |z México - |x Enciclopedias y Diccionarios | ||
| 650 | |a México - |x Historia - |x Enciclopedias y Diccionarios | ||
| 650 | |a México - |x Enciclopedias y Diccionarios - |x Tema Principal | ||
| 650 | |a Enciclopedias y Diccionarios | ||
| 910 | |a Fondo Ignacio Díaz Morales | ||
| 920 | |a Impresos - Libros | ||
| 930 | |a Arquitectos Jaliscienses | ||
| 905 | |a 114 | ||
| 901 | |a 0500316129 |b IT1 |c JAL |i D70285 |u 20250521 | ||
| 902 | |a https://opac.biblio.iteso.mx/vufind/Record/000407687 | ||